مناهج البحث في المواطنة وقيم المجتمع

Bibliographic Details
Main Author: موسى، حسين حسن (Author)
Format: Book
Language:Arabic
Published: Bayrut : Dar al-Kitab al-Hadith , 2012
Edition:الطبعة 1
Subjects:

MARC

LEADER 00000cam a2200000 7i4500
001 0000085605
005 20140706093000.0
008 130722s2012 le ara
020 |a 9789773503933 
050 0 0 |a JF801   |b .M87 2012 
090 0 0 |a JF801   |b .M87 2012 
100 1 |a موسى، حسين حسن ,   |e author 
241 1 0 |a Manahij al-bahth fi al-muwatanah wa-qayim al-mujtama' 
245 1 0 |a مناهج البحث في المواطنة وقيم المجتمع   |c اعداد دكتور حسين حسن موسى 
250 |a الطبعة 1 
260 |a Bayrut :   |b Dar al-Kitab al-Hadith ,   |c 2012 
300 |a 276 p. ;   |c 25 cm. 
504 |a Includes bibliographical references and index 
650 0 |a Citizenship 
650 0 |a Citizenship   |x Religious aspects   |x Islam 
650 0 |a Social values 
999 |a 1000156823   |b Book   |c OPEN SHELF (30 DAYS)   |e Gong Badak Campus